| 000 | 00710nam a2200193Ia 4500 | ||
|---|---|---|---|
| 008 | 220216s9999 xx 000 0 und d | ||
| 100 | _aDubey V K | ||
| 245 | 0 | _aComparative study of improved high structure carbon black over conventional high structure black in heavy duty truck tyre tread formulation | |
| 260 | _bProceedings of the National Conference and Exposition on Rubber and Allied Materials. India Rub Tech Expo 2004. 13-14 February, 2004, Mysore.pp.293-298. | ||
| 650 | _aCarbon black | ||
| 650 | _aRolling resistance | ||
| 650 | _aTread formulation | ||
| 650 | _aTruck tyre | ||
| 700 | _aDutta B | ||
| 700 | _aGireesan K G | ||
| 700 | _aMajumdar S Pal | ||
| 700 | _aSaha U | ||
| 942 | _cJS | ||
| 999 |
_c55957 _d55957 |
||